Countries with 4 letter names - Statistics

General Stats
  • This quiz has been taken 1,117 times
  • The average score is 8 of 10
Answer Stats
Answer % Correct
9 Peru
86%
4 Iran
83%
3 Fiji
82%
5 Iraq
82%
8 Oman
82%
10 Togo
82%
7 Mali
81%
1 Chad
80%
6 Laos
80%
2 Cuba
77%
No matching quizzes found
Score Distribution
Percent of People with Each Score
Percentile by Number Answered
Your Score History
You have not taken this quiz